[Event "HUN-chT4a 1819"]
[Site "Hungary"]
[Date "2019.01.12"]
[Round "5.5"]
[White "Prokai, Robert"]
[Black "Csidey, Csongor"]
[Result "0-1"]
[WhiteElo "1496"]
[BlackElo "1552"]
[PlyCount "70"]
[EventDate "2018.10.06"]
[EventType "team-tourn"]
[EventRounds "9"]
[EventCountry "HUN"]
[SourceTitle "EXT 2020"]
[Source "ChessBase"]
[SourceDate "2019.10.17"]
[SourceVersion "1"]
[SourceVersionDate "2019.10.17"]
[SourceQuality "1"]
[WhiteTeam "Janossomorja"]
[BlackTeam "Gyor Szimultan"]
[WhiteTeamCountry "HUN"]
[BlackTeamCountry "HUN"]

1. e4 c5 2. f4 a6 3. Nf3 b5 4. c3 Bb7 5. e5 e6 6. d4 Nh6 7. Bd3 cxd4 8. cxd4 Nc6 9. Nc3 Nb4 10. Be4 Bxe4 11. Nxe4 Nf5 12. a3 Nd5 13. g4 Nfe3 14. Qe2 Nxf4 15. Qd2 Rc8 16. Nc3 Nfd5 17. Qe2 Nxc3 18. Qxe3 Nd5 19. Qf2 b4 20. 0-0 bxa3 21. Bg5 Be7 22. Bxe7 Qxe7 23. Rxa3 Rc6 24. Rfa1 Nc7 25. Qd2 0-0 26. Ng5 Rb8 27. Rh3 h6 28. Ne4 Qb4 29. Nf6+ Kf8 30. Nxd7+ Ke7 31. Nxb8 Qxd2 32. Nxc6+ Kd7 33. Nb8+ Kc8 34. Nxa6 Nxa6 35. Rxa6 Qe1+ 0-1

[Event "HUN-chT4a 1819"]
[Site "Hungary"]
[Date "2018.12.08"]
[Round "4.2"]
[White "Csidey, Csongor"]
[Black "Gyurika, Tamas"]
[Result "1-0"]
[WhiteElo "1522"]
[BlackElo "1782"]
[PlyCount "55"]
[EventDate "2018.10.06"]
[EventType "team-tourn"]
[EventRounds "9"]
[EventCountry "HUN"]
[SourceTitle "EXT 2020"]
[Source "ChessBase"]
[SourceDate "2019.10.17"]
[SourceVersion "1"]
[SourceVersionDate "2019.10.17"]
[SourceQuality "1"]
[WhiteTeam "Gyor Szimultan"]
[BlackTeam "Lovo"]
[WhiteTeamCountry "HUN"]
[BlackTeamCountry "HUN"]

1. e4 c5 2. Nf3 Nc6 3. d4 cxd4 4. Nxd4 Nf6 5. Nc3 g6 6. Be3 Bg7 7. Bc4 Qa5 8. 0-0 Qb4 9. Bb3 Nxe4 10. Nxe4 Nxd4 11. c3 Ne2+ 12. Qxe2 Qxe4 13. Rad1 0-0 14. Bd5 Qe5 15. Qf3 Qc7 16. Bf4 d6 17. Rfe1 Bf5 18. g4 Bc8 19. Re4 Qd7 20. Bg5 e6 21. Bb3 b5 22. Rxe6 Bb7 23. Qe3 Rfe8 24. Rdxd6 Qc7 25. Rxe8+ Bf8 26. Rdd8 Rxd8 27. Rxd8 h6 28. Qe7 1-0

[Event "HUN-chT4a 1819"]
[Site "Hungary"]
[Date "2018.10.06"]
[Round "1.3"]
[White "Bereczki, Erno"]
[Black "Csidey, Csongor"]
[Result "0-1"]
[WhiteElo "1559"]
[BlackElo "1481"]
[PlyCount "86"]
[EventDate "2018.10.06"]
[EventType "team-tourn"]
[EventRounds "9"]
[EventCountry "HUN"]
[SourceTitle "EXT 2020"]
[Source "ChessBase"]
[SourceDate "2019.10.17"]
[SourceVersion "1"]
[SourceVersionDate "2019.10.17"]
[SourceQuality "1"]
[WhiteTeam "Lovo Sopron"]
[BlackTeam "Gyor Szimultan"]
[WhiteTeamCountry "HUN"]
[BlackTeamCountry "HUN"]

1. e4 c5 2. Nf3 g6 3. d4 cxd4 4. Nxd4 Nc6 5. Bc4 Bg7 6. Be3 Nf6 7. Nc3 Qa5 8. Nxc6 bxc6 9. 0-0 d6 10. f4 Ng4 11. Qd2 Nxe3 12. Qxe3 Qb6 13. Qxb6 axb6 14. Nd1 0-0 15. c3 Ba6 16. Bxa6 Rxa6 17. a4 b5 18. b3 Rfa8 19. e5 dxe5 20. fxe5 Bxe5 21. Re1 Bf6 22. Re4 Rd8 23. Rc1 bxa4 24. bxa4 Rd2 25. Nf2 Ra2 26. Ng4 R2xa4 27. Nxf6+ exf6 28. Rce1 Rxe4 29. Rxe4 c5 30. Kf2 Kg7 31. Kf3 f5 32. Rc4 Rc6 33. g4 Kf6 34. Kf4 fxg4 35. Kxg4 h6 36. h4 Ke5 37. Rf4 Rf6 38. Ra4 Rd6 39. Ra7 f5+ 40. Kf3 Rd3+ 41. Kg2 Rxc3 42. Ra6 Rc4 43. Rxg6 Rg4+ 0-1

[Event "Gyor COTECH Cup 3rd"]
[Site "Gyor"]
[Date "2018.06.03"]
[Round "9"]
[White "Petrecz, Akos"]
[Black "Csidey, Csongor"]
[Result "0-1"]
[WhiteElo "1286"]
[BlackElo "1313"]
[PlyCount "48"]
[EventDate "2018.06.01"]
[EventType "tourn"]
[EventRounds "9"]
[EventCountry "HUN"]
[SourceTitle "EXT 2025"]
[Source "ChessBase"]
[SourceDate "2024.10.14"]
[SourceVersion "1"]
[SourceVersionDate "2024.10.14"]
[SourceQuality "1"]

1. e4 d5 2. exd5 Nf6 3. d4 Bg4 4. Be2 Bxe2 5. Nxe2 Qxd5 6. 0-0 e6 7. c3 Nc6 8. Be3 Be7 9. Nd2 0-0 10. Qb3 Qxb3 11. Nxb3 Rfd8 12. Rad1 b6 13. f3 Nd5 14. Bf2 Bg5 15. Rfe1 Rd7 16. Nd2 Rad8 17. Ne4 Bh6 18. g3 Nde7 19. f4 e5 20. fxe5 Nxe5 21. Kg2 Nc4 22. Rb1 f5 23. Nf4 Bxf4 24. gxf4 fxe4 0-1

[Event "Gyor COTECH Cup 3rd"]
[Site "Gyor"]
[Date "2018.06.02"]
[Round "5"]
[White "Andras, Ferenc"]
[Black "Csidey, Csongor"]
[Result "0-1"]
[WhiteElo "1218"]
[BlackElo "1313"]
[PlyCount "82"]
[EventDate "2018.06.01"]
[EventType "tourn"]
[EventRounds "9"]
[EventCountry "HUN"]
[SourceTitle "EXT 2025"]
[Source "ChessBase"]
[SourceDate "2024.10.14"]
[SourceVersion "1"]
[SourceVersionDate "2024.10.14"]
[SourceQuality "1"]

1. e4 d5 2. exd5 Nf6 3. Nf3 Nxd5 4. Bc4 Nb6 5. Bb3 c5 6. c3 c4 7. Ba4+ Bd7 8. Bxd7+ N8xd7 9. d4 cxd3 10. Qxd3 e6 11. 0-0 Be7 12. Bf4 0-0 13. Nbd2 Nc5 14. Qc2 Qd3 15. Qd1 Rad8 16. Re1 Nc4 17. Nxc4 Qxc4 18. Qc1 Nd3 19. Ne5 Qxf4 20. Nxd3 Qxc1 21. Nxc1 Rd2 22. Rf1 Rxb2 23. Nd3 Rc2 24. Rab1 b6 25. Rb3 Rxa2 26. Rfb1 Rc8 27. Rc1 Ra3 28. Rxa3 Bxa3 29. Rc2 Rd8 30. Ne1 Rd1 31. Re2 Bb2 32. c4 Bc3 33. Kf1 Kf8 34. f3 Rxe1+ 35. Rxe1 Bxe1 36. Kxe1 Ke7 37. Kd2 Kd6 38. Kd3 Kc5 39. Kc3 e5 40. g3 a5 41. h3 a4 0-1